|
|
|
|
| LEADER |
00000naa2a2200000 4500 |
| 001 |
592322 |
| 005 |
20231101131714.0 |
| 035 |
|
|
|a (RuTPU)RU\TPU\tpu\4013
|
| 035 |
|
|
|a TPU00004013
|
| 090 |
|
|
|a 592322
|
| 100 |
|
|
|a 20011210a1967 k y0rusy50 ca
|
| 101 |
0 |
|
|a rus
|
| 102 |
|
|
|a RU
|
| 200 |
1 |
|
|a К расчету температурного режима добавочных сопротивлений электроизмерительных приборов
|f А. С. Ляликов, Л. С. Ершова, Ю. А. Загромов
|
| 320 |
|
|
|a Библиогр.: 5 назв.
|
| 461 |
|
1 |
|0 (RuTPU)RU\TPU\prd\1504
|x 0021-3454
|t Известия вузов. Приборостроение
|o научно-технический журнал
|f Санкт-Петербургский национальный исследовательский университет информационных технологий, механики и оптики
|d 1958-1991, 1993-
|
| 463 |
|
1 |
|0 (RuTPU)RU\TPU\prd\169772
|t Т. 10, № 4
|v С. 120-124
|d 1967
|
| 610 |
1 |
|
|a электротехника
|
| 610 |
1 |
|
|a электроизмерительные приборы
|
| 610 |
1 |
|
|a добавочные сопротивления
|
| 610 |
1 |
|
|a температурные режимы
|
| 610 |
1 |
|
|a труды учёных ТПУ
|
| 700 |
|
1 |
|a Ляликов
|b А. С.
|
| 701 |
|
1 |
|a Ершова
|b Л. С.
|
| 701 |
|
1 |
|a Загромов
|b Ю. А.
|c специалист в области теплотехники
|c доцент Томского политехнического университета, кандидат технических наук
|f 1940-
|g Юрий Александрович
|2 stltpush
|3 (RuTPU)RU\TPU\pers\27839
|
| 801 |
|
0 |
|a RU
|b 63413507
|c 20011210
|g PSBO
|
| 801 |
|
2 |
|a RU
|b 63413507
|c 20221128
|g PSBO
|
| 942 |
|
|
|c BK
|